| 000 | 00740nac a22002171u 4500 | ||
|---|---|---|---|
| 008 | 110505s2009 nju|||||r|||| 001 0 eng d | ||
| 010 | _a2002513116 | ||
| 020 | _a047017157X | ||
| 020 | _a9780470171578 | ||
| 082 | 0 | 4 |
_a621.4021 _bSON _222 |
| 100 |
_aSonntag, Richard Edwin _923608 |
||
| 245 | 1 | 0 |
_aFundamentals of Thermodynamics / _cRichard E. Sonntag, Claus Borgnakke |
| 250 |
_a7th ed., _bInternational Stu. version |
||
| 260 |
_aNew York : _bWiley, 2009 _c2009 |
||
| 300 |
_axvii, 777 p. : _bill. (some col.) ; _c26 cm. |
||
| 500 | _aIncludes index. | ||
| 650 | 0 |
_aThermodynamics. _923609 |
|
| 653 |
_bMec _cApril2011 _bMec _cOctober2011 _cMarch2013 |
||
| 700 | 1 |
_aBorgnakke, C. _q(Claus) _923610 |
|
| 942 |
_cBB _k621.4021SON _2ddc |
||
| 999 |
_c15247 _d15247 |
||